000 01381nam a2200361Ia 4500
001 vtls003196953
003 MY-SjTCS
005 20200306170147.0
006 m u
007 cr cn|||||||||
008 100712s1972 enk sb 001 0 eng d
010 _z 72-172656
020 _z0203197275
020 _z0710073755
035 _a(CaPaEBR)ebr10058067
039 9 _y201007121710
_zVLOAD
040 _aCaPaEBR
_cCaPaEBR
050 1 4 _aPR5467
_b.M3 1972eb
245 0 0 _aRobert Southey
_h[electronic resource] /
_cedited by Lionel Madden.
260 _aLondon,
_aBoston :
_bRoutledge and K. Paul,
_c1972.
300 _axix, 492 p.
490 1 _aThe Critical heritage series
504 _aIncludes bibliography and index.
529 _aTSLHHL
533 _aElectronic reproduction.
_bPalo Alto, Calif. :
_cebrary,
_d2009.
_nAvailable via World Wide Web.
_nAccess may be limited to ebrary affiliated libraries.
600 1 0 _aSouthey, Robert,
_d1774-1843.
_9280193
650 0 _aEnglish literature.
_9280194
655 7 _aElectronic books.
_2local
_9201578
700 1 _aMadden, Lionel.
_9280195
710 2 _aebrary, Inc.
_925628
830 0 _aCritical heritage series.
_9280196
856 4 0 _uhttps://ezproxy.taylors.edu.my/login?url=http://site.ebrary.com/lib/taylorscollege/Doc?id=10058067
_zAn electronic book accessible through the World Wide Web; click to view
999 _c60537